| 000 | 00543nam a2200145Ia 4500 | ||
|---|---|---|---|
| 008 | 151213s9999 xx 000 0 und d | ||
| 100 | _aমুহাম্মদ নূরুল হুদা। | ||
| 245 |
_aজাতিসত্ত্বার কবিতা। _cমুহাম্মদ নূরুল হুদা। |
||
| 260 |
_aঢাকা _bঁচারদিক। _c1992 |
||
| 300 | _a8735 p. | ||
| 650 | _aBangla | ||
| 650 | _aকবিতা | ||
| 700 | _aমুহাম্মদ নূরুল হুদা। | ||
| 999 |
_c4520 _d4520 |
||